| 000 | 00510 a2200169 4500 | ||
|---|---|---|---|
| 999 |
_c3758 _d3758 |
||
| 020 | _a9781405899413 (pbk.) | ||
| 050 | 0 | 0 | _aLB1591.5.G7 |
| 100 | 1 |
_aEdwards, Jean, _d1963- |
|
| 245 | 1 | 0 |
_aTeaching primary art / _cJean Edwards |
| 250 | _a1st [edition]. | ||
| 264 | 1 |
_aNew York : _bPearson Education Limited, _c2013. |
|
| 300 | _apages cm | ||
| 500 | _aIncludes inex. | ||
| 650 | 0 |
_aArt _xStudy and teaching (Elementary) |
|
| 942 |
_2lcc _cBK _h1591.5 _iEDW _kLB |
||